Loading...
| Current Events | 2 | 20.00 | 100% | 100% | 0% |
| Fine Arts - Classical Music | 4 | 17.50 | 100% | 50% | 25% |
| Fine Arts - Other Fine Arts | 8 | 16.25 | 88% | 50% | 25% |
| Geography | 3 | 20.00 | 67% | 67% | 67% |
| History - American History | 7 | 10.00 | 71% | 29% | 0% |
| History - European History | 4 | 17.50 | 75% | 75% | 25% |
| History - Other History | 5 | 20.00 | 80% | 80% | 40% |
| History - World History | 9 | 21.11 | 100% | 78% | 33% |
| Literature - American Literature | 4 | 15.00 | 100% | 50% | 0% |
| Literature - British Literature | 4 | 15.00 | 100% | 50% | 0% |
| Literature - European Literature | 8 | 13.75 | 100% | 38% | 0% |
| Literature - World Literature | 7 | 11.43 | 100% | 14% | 0% |
| Mythology | 6 | 18.33 | 100% | 67% | 17% |
| Painting/Sculpture | 4 | 15.00 | 75% | 75% | 0% |
| Philosophy | 2 | 10.00 | 100% | 0% | 0% |
| Pop Culture | 3 | 23.33 | 67% | 67% | 100% |
| Religion | 7 | 15.71 | 71% | 86% | 0% |
| Science - Biology | 7 | 20.00 | 100% | 71% | 29% |
| Science - Chemistry | 3 | 20.00 | 67% | 100% | 33% |
| Science - Other Science | 3 | 20.00 | 100% | 67% | 33% |
| Science - Physics | 6 | 15.00 | 100% | 50% | 0% |
| Social Science | 2 | 10.00 | 100% | 0% | 0% |